000
00298nam a2200121Ia 4500
008
190216s9999||||xx |||||||||||||| ||und||
100
_a
Muhammod Hussain Hical
245
4
_a
The Life Of Muhammad
260
_b
Crescent Publishing
_c
1976
300
_a
632p
650
_a
Islamic History
942
_c
BK
999
_c
22170
_d
22170